000 00456cam a22001577a 4500
008 180718b1971 xxu||||| |||| 00| 0 eng d
082 _aDx42 C726c
100 _aGlovin, Ian
245 _aChamberlain cabinet
_cby Ian Golvin
260 _aLondon
_bGollancz
_c1971
300 _a286p.
500 _a56/-
650 _aGreat Britain --Foreign relations --1936-1945
650 _aCabinet officers --Great Britain
650 _aChamberlain, Neville, 1869-1940
999 _c343203
_d343203